| 000 | 00525nam a2200181 i 4500 | ||
|---|---|---|---|
| 001 | 135134 | ||
| 003 | ES-MaACL | ||
| 005 | 20230906194819.0 | ||
| 007 | t| | ||
| 008 | 070710s1969 sp ||||1| spa d | ||
| 080 | _a81'34 | ||
| 100 | 1 |
_aTomatis, Alfred. _9110539 |
|
| 245 | 1 | 3 |
_aEl oído y el lenguaje / _cAlfred Tomatis ; traducción de Juan Godó. |
| 260 |
_aBarcelona : _bMartínez Roca, _c1969. |
||
| 300 |
_a188 p. : _bil. ; _c18 cm. |
||
| 700 | 1 |
_aGodo Costa, Juan. _957532 |
|
| 852 |
_aES-MaACL _jC-36528 _bR.70386 |
||
| 999 |
_c135134 _d135134 |
||